LEADER 01112nam0-22003251i-450- 001 990001861430403321 005 20090209153511.0 035 $a000186143 035 $aFED01000186143 035 $a(Aleph)000186143FED01 035 $a000186143 100 $a20030910d1961----km-y0itay50------ba 101 0 $aita 102 $aIT 105 $ay-------001yy 200 1 $aIndagine preliminare allo studio della differenziazione di cultivar di Trifoglio pratense in base alle misurazioni$fAngelo Ciotti 210 $a[S.l.$cs.n.]$d1961 215 $a6 p.$d24 cm 225 1 $aRaccolta di memorie$fUniversità degli studi di Torino. Facoltà di scienze agrarie$v241 300 $aEstr. da: Sementi elette, n. 1,1961 610 0 $aTrifolium pratense 676 $a633.32 700 1$aCiotti,$bAngelo$073216 801 0$aIT$bUNINA$gRICA$2UNIMARC 901 $aBK 912 $a990001861430403321 952 $a60 MISC. B 131/241$fFAGBC 959 $aFAGBC 996 $aIndagine preliminare allo studio della differenziazione di cultivar di Trifoglio pratense in base alle misurazioni$9401697 997 $aUNINA LEADER 02304nam 2200661 a 450 001 9910781656403321 005 20171026195700.0 010 $a1-283-24454-3 010 $a9786613244543 010 $a0-472-02676-3 024 7 $a10.3998/mpub.356801 035 $a(CKB)2550000000046935 035 $a(EBL)3415007 035 $a(OCoLC)923504270 035 $a(SSID)ssj0000563224 035 $a(PQKBManifestationID)11353435 035 $a(PQKBTitleCode)TC0000563224 035 $a(PQKBWorkID)10535676 035 $a(PQKB)10128421 035 $a(OCoLC)792929052 035 $a(MdBmJHUP)muse9871 035 $a(MiU)10.3998/mpub.356801 035 $a(Au-PeEL)EBL3415007 035 $a(CaPaEBR)ebr10496947 035 $a(CaONFJC)MIL324454 035 $a(MiAaPQ)EBC3415007 035 $a(EXLCZ)992550000000046935 100 $a20110107d2011 uy 0 101 0 $aeng 135 $aur|n|---||||| 181 $ctxt 182 $cc 183 $acr 200 12$aA legal theory for autonomous artificial agents /$fSamir Chopra and Laurence F. White 210 1$aAnn Arbor :$cUniversity of Michigan Press,$dc2011. 215 $a1 online resource (263 p.) 300 $aDescription based upon print version of record. 311 $a0-472-07145-9 311 $a0-472-05145-8 320 $aIncludes bibliographical references and index. 327 $aArtificial agents and agency -- Artificial agents and contracts -- Attribution of knowledge to artificial agents and their principals -- Tort liability for artificial agents -- Personhood for artificial agents. 330 $aWhat legal status should be granted to artificial agents? 606 $aAgency (Law) 606 $aIntelligent agents (Computer software)$xLaw and legislation 606 $aJuristic persons 615 0$aAgency (Law) 615 0$aIntelligent agents (Computer software)$xLaw and legislation. 615 0$aJuristic persons. 676 $a343.09/9 700 $aChopra$b Samir$01571761 701 $aWhite$b Laurence F.$f1966-$01571762 712 02$aMichigan Publishing (University of Michigan) 801 0$bMiU 801 1$bMiU 906 $aBOOK 912 $a9910781656403321 996 $aA legal theory for autonomous artificial agents$93846302 997 $aUNINA